MARC details
| 000 -LEADER |
| fixed length control field |
02553cam a2200325 4500 |
| 001 - CONTROL NUMBER |
| control field |
ABS68115 |
| 008 - FIXED-LENGTH DATA ELEMENTS--GENERAL INFORMATION |
| fixed length control field |
040806n2004 000 0 eng u |
| 035 ## - SYSTEM CONTROL NUMBER |
| System control number |
(Sirsi) u127022 |
| 245 ## - TITLE STATEMENT |
| Title |
Westminster City Council v Ocean Leisure Ltd |
| 260 ## - PUBLICATION, DISTRIBUTION, ETC. |
| Date of publication, distribution, etc. |
2004 |
| 490 ## - SERIES STATEMENT |
| Series statement |
Rating and Valuation Reporter |
| Volume/sequential designation |
[2004] RVR 219-225(6) |
| 520 ## - SUMMARY, ETC. |
| Summary, etc. |
[ 2004] EWCA Civ 970, 21 July 2004. Appeal by W against LT decision (LCA/30/2003, [2004] RVR 145) allowing a claim for compensation brought by claimant O under the Compulsory Purchase Act 1965 s10 based on diminution in rental value. W appealed asking whether a compensating authority is liable to pay compensation under s10 of the Act in respect of damage caused to a business through the partial obstruction of a nearby highway by erection of hoardings around authorised construction work when those hoardings are in-situ for no longer than nor in greater extent than necessary for those works safely to be undertaken. "Clift and another v Welsh Office" (CA, Abs59941), "Herring v Metropolitan Board of Works" ([1865] 19 CB (NS) 509), " Lingke v Christchurch Corp" (CA [1912] 3 KB 595) considered. Principles of "Wildtree Hotels Ltd and others v Harrow LBC" (HL, Abs62597) were applied. CA recognised the right of an occupier of premises adjoining the highway to erect hoardings to a reasonable extent and for a reasonable time in connection with building works being carried out lawfully. However, it also acknowledged that substantial interference with the public's right to use the highway constituted a public nuisance. A member of the public including an adjoining owner who suffered special damage was entitled to sue the creator of the public nuisance. CA upheld LT decision. Appeal dismissed. View judgment at www.bailii.org. |
| 590 ## - LOCAL NOTE (RLIN) |
| Local note |
ABS |
| 590 ## - LOCAL NOTE (RLIN) |
| Local note |
ABS |
| 590 ## - LOCAL NOTE (RLIN) |
| Local note |
ABS |
| 650 ## - SUBJECT ADDED ENTRY--TOPICAL TERM |
| Topical term or geographic name entry element |
WESTMINSTER LBC V OCEAN LEISURE LTD |
| 650 ## - SUBJECT ADDED ENTRY--TOPICAL TERM |
| Topical term or geographic name entry element |
COMPULSORY PURCHASE ACT 1965 S10 |
| 650 ## - SUBJECT ADDED ENTRY--TOPICAL TERM |
| Topical term or geographic name entry element |
INJURIOUS AFFECTION |
| 650 ## - SUBJECT ADDED ENTRY--TOPICAL TERM |
| Topical term or geographic name entry element |
HOARDINGS |
| 650 ## - SUBJECT ADDED ENTRY--TOPICAL TERM |
| Topical term or geographic name entry element |
OBSTRUCTION |
| 650 ## - SUBJECT ADDED ENTRY--TOPICAL TERM |
| Topical term or geographic name entry element |
DIMINUTION IN VALUE |
| 650 ## - SUBJECT ADDED ENTRY--TOPICAL TERM |
| Topical term or geographic name entry element |
PUBLIC NUISANCE |
| 650 ## - SUBJECT ADDED ENTRY--TOPICAL TERM |
| Topical term or geographic name entry element |
HIGHWAY ACCESS |
| 650 ## - SUBJECT ADDED ENTRY--TOPICAL TERM |
| Topical term or geographic name entry element |
ACCESS |
| 690 ## - LOCAL SUBJECT ADDED ENTRY--TOPICAL TERM (OCLC, RLIN) |
| Topical term or geographic name as entry element |
COMPULSORY PURCHASE AND COMPENSATION-CASE LAW |
| 856 ## - ELECTRONIC LOCATION AND ACCESS |
| Uniform Resource Identifier |
<a href="https://www.bailii.org/ew/cases/EWCA/Civ/2004/970.html">https://www.bailii.org/ew/cases/EWCA/Civ/2004/970.html</a> |
| Public note |
View judgement on the BAILII websiteƯ |
| 856 ## - ELECTRONIC LOCATION AND ACCESS |
| Uniform Resource Identifier |
<a href="https://www.bailii.org/ew/cases/EWCA/Civ/2004/970.html">https://www.bailii.org/ew/cases/EWCA/Civ/2004/970.html</a> |
| Public note |
View judgement on the BAILII websiteƯ |
| 856 ## - ELECTRONIC LOCATION AND ACCESS |
| Uniform Resource Identifier |
<a href="https://www.bailii.org/ew/cases/EWCA/Civ/2004/970.html">https://www.bailii.org/ew/cases/EWCA/Civ/2004/970.html</a> |
| Public note |
View judgement on the BAILII websiteƯ |
| 942 ## - ADDED ENTRY ELEMENTS (KOHA) |
| Suppress in OPAC |
0 |